|
|
|
|
| LEADER |
00000nam a2200000Ia 4500 |
| 008 |
180926b2008 pr ||||| |||| 00| | spa d |
| 999 |
|
|
|c 2466
|d 2466
|
| 090 |
|
|
|a CD #192
|
| 100 |
1 |
|
|a Yudkin Suliveres, Anita
|9 4330
|
| 245 |
1 |
0 |
|a Educando para la paz en y desde la Universidad: Antología conmemorativa de una década /
|c Anita Yudkin Suliveres; Anaida Pascual Morán
|
| 260 |
|
|
|a Puerto Rico :
|b Cátedra UNESCO de Educación para la PazUniversidad de Puerto Rico,
|c 2008
|
| 300 |
|
|
|a 469 p [disco compacto]
|
| 650 |
1 |
4 |
|a EDUCACIÓN PARA LA PAZ
|9 726
|
| 650 |
1 |
4 |
|a CULTURA
|9 378
|
| 650 |
1 |
4 |
|a DERECHOS HUMANOS
|9 588
|
| 700 |
1 |
|
|a Pascual Morán, Anaida
|9 4331
|
| 942 |
|
|
|i 002204
|h CD #192
|2 z
|c 08
|